Statistics for England VS. France

Click here to take the quiz!

General Stats

  • This quiz has been taken 43 times
  • The average score is 5 of 15

Answer Stats

YearDescriptionAnswerVictor% Correct
1066William de Normandie claims the English crown and meets the English King, Harold II, in battle here.HastingsFrance (Normandy)
82%
1815Napoleon is finally defeated at the hands of the Duke of Wellington.WaterlooUnited Kingdom
82%
1805Admiral Lord Nelson bucks naval warfare tradition and splits the French and Spanish fleet in to thirds. The act cost him his life but his forces were victorious.TrafalgarUnited Kingdom
58%
1779The French and Spanish sign a treaty promising to aid each other in reclaiming lost territory. Their first target is this 'rock' in southern Spain that the British had captured seventy years prior.GibraltarGreat Britain
53%
1415The French really do not appreciate the power of the longbow. Henry V inspires his men to another improbable victory.AgincourtEngland
45%
1558The French finally reclaim this city, the last English held territory in France.CalaisFrance
42%
1798Napoleon seeks to conquer Egypt en route to harassing the British in India. The British fleet has other ideas and stops him at this river.The NileGreat Britain
37%
1793The British besiege the French at this port city. Little did the Brits know they would be under siege themselves here 147 years later.DunkirkFrance
34%
1346English longbowmen decimate the disorganized French charge. This won't be the last time either.CrécyEngland
24%
1781A French fleet blocks General Cornwallis' escape to the sea, and he is forced to surrender to the Americans.YorktownFrance and USA
24%
1356English longbowmen again make the difference. King Jean II is captured in battle.PoitiersEngland
16%
1809The British retreat across Spain to this port city where they barely manage to escape the French army.CorunnaFrance
13%
1940After the fall of France, a French admiral refuses to surrender his fleet to the British, despite fears the fleet may fall into the hands of the Germans. The British open fire on their allies, sinking several ships.Mers-el-KébirUnited Kingdom
8%
1778The British beseiged and captured this French colony in India after the French entered the war on the side of the USA.PondicherryGreat Britain
8%
1754George Washington's only military surrender. Good thing he was working for the British at the time.Fort NecesittyFrance
3%

Score Distribution

Percentile by Number Answered

Percent of People with Each Score

Your Score History

You have not taken this quiz